<?xml version="1.0" encoding="UTF-8"?>
<record
    xmlns:xsi="http://www.w3.org/2001/XMLSchema-instance"
    xsi:schemaLocation="http://www.loc.gov/MARC21/slim http://www.loc.gov/standards/marcxml/schema/MARC21slim.xsd"
    xmlns="http://www.loc.gov/MARC21/slim">

  <leader>01761ntm a22002777a 4500</leader>
  <controlfield tag="001">36558</controlfield>
  <controlfield tag="003">BD-RjUL</controlfield>
  <controlfield tag="005">20211209052514.0</controlfield>
  <controlfield tag="008">140701s2012    bg ||||| |||| 00| 0 ben d</controlfield>
  <datafield tag="035" ind1=" " ind2=" ">
    <subfield code="a">(BD-RjUL)36659</subfield>
  </datafield>
  <datafield tag="040" ind1=" " ind2=" ">
    <subfield code="a">BD-RjUL</subfield>
    <subfield code="b">ben</subfield>
    <subfield code="c">BD-RjUL</subfield>
    <subfield code="d">BD-RjUL</subfield>
  </datafield>
  <datafield tag="041" ind1=" " ind2=" ">
    <subfield code="a">ben</subfield>
  </datafield>
  <datafield tag="082" ind1=" " ind2=" ">
    <subfield code="2">21</subfield>
    <subfield code="a">398.0954924  </subfield>
    <subfield code="b">KUN 2012 </subfield>
  </datafield>
  <datafield tag="100" ind1=" " ind2=" ">
    <subfield code="a">&#x995;&#x9C1;&#x9AE;&#x9BE;&#x9B0;, &#x9B0;&#x9A4;&#x9A8;</subfield>
    <subfield code="9">111324</subfield>
  </datafield>
  <datafield tag="245" ind1=" " ind2=" ">
    <subfield code="a">&#x9A8;&#x993;&#x997;&#x9BE;&#x981; &#x99C;&#x9C7;&#x9B2;&#x9BE;&#x9B0; &#x986;&#x9A6;&#x9BF;&#x9AC;&#x9BE;&#x9B8;&#x9C0; &#x9B8;&#x982;&#x9B8;&#x9CD;&#x995;&#x9C3;&#x9A4;&#x9BF; :</subfield>
    <subfield code="b">&#x990;&#x9A4;&#x9BF;&#x9B9;&#x9CD;&#x9AF; &#x993; &#x9AC;&#x9BF;&#x9AC;&#x9B0;&#x9CD;&#x9A4;&#x9A8; /</subfield>
    <subfield code="c">&#x9B0;&#x9A4;&#x9A8; &#x995;&#x9C1;&#x9AE;&#x9BE;&#x9B0; ;</subfield>
    <subfield code="6">&#x9A4;&#x9A4;&#x9CD;&#x9A4;&#x9CD;&#x9AC;&#x9AC;&#x9A7;&#x9BE;&#x9AF;&#x9BC;&#x995; : &#x9AE;&#x9CB;. &#x986;&#x9AC;&#x9C1;&#x9B2; &#x9B9;&#x9BE;&#x9B8;&#x9BE;&#x9A8; &#x99A;&#x9C7;&#x9CC;&#x9A7;&#x9C1;&#x9B0;&#x9C0; </subfield>
  </datafield>
  <datafield tag="260" ind1=" " ind2=" ">
    <subfield code="a">&#x9B0;&#x9BE;&#x99C;&#x9B6;&#x9BE;&#x9B9;&#x9C0; :</subfield>
    <subfield code="b">&#x9AB;&#x9CB;&#x995;&#x9B2;&#x9CB;&#x9B0; &#x9AC;&#x9BF;&#x9AD;&#x9BE;&#x997;,&#x9B0;&#x9BE;&#x99C;&#x9B6;&#x9BE;&#x9B9;&#x9C0; &#x9AC;&#x9BF;&#x9B6;&#x9CD;&#x9AC;&#x9AC;&#x9BF;&#x9A6;&#x9CD;&#x9AF;&#x9BE;&#x9B2;&#x9AF;&#x9BC;,</subfield>
    <subfield code="c">&#x9E8;&#x9E6;&#x9E6;&#x9EA;</subfield>
  </datafield>
  <datafield tag="300" ind1=" " ind2=" ">
    <subfield code="a">ix, &#x9E8;&#x9EB;&#x9EE; &#x9AA;&#x9BE;&#x9A4;&#x9BE; :</subfield>
    <subfield code="b">&#x99A;&#x9BF;&#x9A4;&#x9CD;&#x9B0; ;</subfield>
    <subfield code="c">&#x9E8;&#x9EE; &#x9B8;&#x9C7;&#x9AE;&#x9BF;.</subfield>
  </datafield>
  <datafield tag="502" ind1=" " ind2=" ">
    <subfield code="a">&#x9A5;&#x9BF;&#x9B8;&#x9BF;&#x9B8;: (&#x9AA;&#x9BF;&#x98F;&#x987;&#x99A; &#x9A1;&#x9BF;.)--&#x9AB;&#x9CB;&#x995;&#x9B2;&#x9CB;&#x9B0; &#x9AC;&#x9BF;&#x9AD;&#x9BE;&#x997;, &#x9B0;&#x9BE;&#x99C;&#x9B6;&#x9BE;&#x9B9;&#x9C0; &#x9AC;&#x9BF;&#x9B6;&#x9CD;&#x9AC;&#x9AC;&#x9BF;&#x9A6;&#x9CD;&#x9AF;&#x9BE;&#x9B2;&#x9AF;&#x9BC;, &#x9E8;&#x9E6;&#x9E7;&#x9E8;.</subfield>
  </datafield>
  <datafield tag="504" ind1=" " ind2=" ">
    <subfield code="a">&#x997;&#x9CD;&#x9B0;&#x9A8;&#x9CD;&#x9A5;&#x9AA;&#x99E;&#x9CD;&#x99C;&#x9BF; : &#x9AA;&#x9BE;&#x9A4;&#x9BE; [&#x9E8;&#x9EA;&#x9EB;]-&#x9E8;&#x9EA;&#x9EF;</subfield>
  </datafield>
  <datafield tag="650" ind1=" " ind2=" ">
    <subfield code="a">&#x9B2;&#x9CB;&#x995;&#x9B8;&#x982;&#x9B8;&#x9CD;&#x995;&#x9C3;&#x9A4;&#x9BF;</subfield>
    <subfield code="z">&#x9AC;&#x9BE;&#x982;&#x9B2;&#x9BE;&#x9A6;&#x9C7;&#x9B6;</subfield>
    <subfield code="z">&#x9A8;&#x993;&#x997;&#x9BE;&#x981; &#x99C;&#x9C7;&#x9B2;&#x9BE;</subfield>
    <subfield code="9">111536</subfield>
  </datafield>
  <datafield tag="650" ind1=" " ind2=" ">
    <subfield code="a">Folklore</subfield>
    <subfield code="z">Bangladesh</subfield>
    <subfield code="z">Naogaon District</subfield>
    <subfield code="9">111537</subfield>
  </datafield>
  <datafield tag="650" ind1=" " ind2=" ">
    <subfield code="a">&#x986;&#x9A6;&#x9BF;&#x9AC;&#x9BE;&#x9B8;&#x9C0; &#x9AE;&#x9BE;&#x9A8;&#x9C1;&#x9B7;</subfield>
    <subfield code="z">&#x9AC;&#x9BE;&#x982;&#x9B2;&#x9BE;&#x9A6;&#x9C7;&#x9B6;</subfield>
    <subfield code="z">&#x9A8;&#x993;&#x997;&#x9BE;&#x981; &#x99C;&#x9C7;&#x9B2;&#x9BE;</subfield>
    <subfield code="x">&#x9B8;&#x9BE;&#x9AE;&#x9BE;&#x99C;&#x9BF;&#x995; &#x99C;&#x9C0;&#x9AC;&#x9A8; &#x98F;&#x9AC;&#x982; &#x9B0;&#x9C0;&#x9A4;&#x9BF;&#x9A8;&#x9C0;&#x9A4;&#x9BF;</subfield>
    <subfield code="9">244113</subfield>
  </datafield>
  <datafield tag="650" ind1=" " ind2=" ">
    <subfield code="a">Indigenous peoples </subfield>
    <subfield code="z">Bangladesh</subfield>
    <subfield code="z">Naogaon District</subfield>
    <subfield code="x">Social life and customs </subfield>
    <subfield code="9">244114</subfield>
  </datafield>
  <datafield tag="700" ind1=" " ind2=" ">
    <subfield code="a">&#x99A;&#x9CC;&#x9A7;&#x9C1;&#x9B0;&#x9C0;, &#x9AE;&#x9CB;. &#x986;&#x9AC;&#x9C1;&#x9B2; &#x9B9;&#x9BE;&#x9B8;&#x9BE;&#x9A8;, &#x9A4;&#x9A4;&#x9CD;&#x9A4;&#x9CD;&#x9AC;&#x9BE;&#x9AC;&#x9A7;&#x9BE;&#x9AF;&#x9BC;&#x995;</subfield>
    <subfield code="9">111325</subfield>
  </datafield>
  <datafield tag="942" ind1=" " ind2=" ">
    <subfield code="2">ddc</subfield>
    <subfield code="c">THE</subfield>
  </datafield>
  <datafield tag="999" ind1=" " ind2=" ">
    <subfield code="c">36558</subfield>
    <subfield code="d">36558</subfield>
  </datafield>
  <datafield tag="952" ind1=" " ind2=" ">
    <subfield code="0">0</subfield>
    <subfield code="1">0</subfield>
    <subfield code="2">ddc</subfield>
    <subfield code="4">0</subfield>
    <subfield code="7">1</subfield>
    <subfield code="8">THESES</subfield>
    <subfield code="a">RUCL</subfield>
    <subfield code="b">RUCL</subfield>
    <subfield code="c">Doc/The</subfield>
    <subfield code="d">2013-10-27</subfield>
    <subfield code="e">Controller of Examination Office, University of Rajshahi, Rajshahi.</subfield>
    <subfield code="g">0.00</subfield>
    <subfield code="l">0</subfield>
    <subfield code="o">BTHE 398.0954924 KUN 2012  </subfield>
    <subfield code="r">2014-07-01 00:00:00</subfield>
    <subfield code="t">C-1</subfield>
    <subfield code="w">2021-12-09</subfield>
    <subfield code="y">THE</subfield>
  </datafield>
</record>
